000
00258nam a2200097Ia 4500
001
724684
005
20250826163355.0
008
250824s9999 xx 000 0 und d
245
0
_a
istanbul, ilk romanımda leylâK
_c
SELİM İLERİ
260
_b
EVEREST YAYINLARI
999
_c
724684
_d
724684